Statistics for Biggest cities by population #2 Germany

Click here to take the quiz!

General Stats

  • This quiz has been taken 16 times
  • The average score is 9 of 10

Answer Stats

Populationcity% Correct
3.6 MBerlin
100%
1 MCologne
94%
0.6 MDusseldorf
94%
0.7 MFrankfurt am Main
94%
1.8 MHamburg
94%
1.5 MMunich
94%
0.6 MStuttgart
94%
0.5 MDortmund
81%
0.5 MEssen
81%
0.5 MLeipzig
81%

Score Distribution

Percentile by Number Answered

Percent of People with Each Score

Your Score History

You have not taken this quiz